[Event "Arab-ch"]
[Site "Casablanca"]
[Date "2002.08.29"]
[Round "4"]
[White "Belkhodja, Slim"]
[Black "Sarsam, S Abdulla"]
[Result "1/2-1/2"]
[WhiteElo "2505"]
[BlackElo "2407"]
[PlyCount "31"]
[EventDate "2002.08.26"]
[Source "ChessBase"]
[SourceDate "2002.11.06"]

1. e4 e5 2. Nf3 Nf6 3. Nxe5 d6 4. Nf3 Nxe4 5. c4 Nc6 6. Nc3 Nxc3 7. dxc3 Be7 8. Bd3 Ne5 9. Nxe5 dxe5 10. Qc2 h6 11. Be3 Bg5 12. Bc5 Be7 13. Bxe7 Qxe7 14. O-O O-O 15. Rae1 f5 16. f3 1/2-1/2